000 00350nam a22001577a 4500
003 MPLRDC
005 20220104143018.0
008 210129b ||||| |||| 00| 0 eng d
082 _a427.1 DHE
100 _a邓惠儿著
245 _a精美羹汤
_c
260 _a
_b香港长风书局
_c
300 _b
650 _a
942 _cBK
_o427.1 DHE
999 _c35778
_d35768